000
00413nam a22001217a 4500
003
SGT
082
_a
080
_b
K83K
100
_a
किशोराणी, प्रकाशचंद्रनाशोक
245
_a
कामनापैथी: एफ्फीसिएन्सी का कोर्स
260
_b
संसार साहित्य मंडल
_c
1983
300
_a
128
942
_2
ddc
_c
BK
999
_c
31513
_d
31513